Library and information networking: NACLIN 99. Papers of the national convention on library and information networking, October 11-14, 1999 (Record no. 41713)

MARC details
000 -LEADER
fixed length control field 00411nam a2200121Ia 4500
082 ## - DEWEY DECIMAL CLASSIFICATION NUMBER
Item number KAU
245 #0 - TITLE STATEMENT
Title Library and information networking: NACLIN 99. Papers of the national convention on library and information networking, October 11-14, 1999
260 ## - PUBLICATION, DISTRIBUTION, ETC. (IMPRINT)
Place of publication New Delhi
Name of publisher Delhi Library Network
Year of publication 2000
650 ## - SUBJECT ADDED ENTRY--TOPICAL TERM
Topical Term Resource sharing
700 ## - ADDED ENTRY--PERSONAL NAME
Personal name H K
942 ## - ADDED ENTRY ELEMENTS (KOHA)
Koha item type Books
Holdings
Withdrawn status Lost status Damaged status Not for loan Home library Current library Date acquired Cost, normal purchase price Full call number Accession Number Koha item type
        RRII Library RRII Library 16/12/2021 500.00 KAU 21999 Books